Normal view MARC view
  • Carrillo Basilio, Balbino

Entry Nombre Personal

Number of records used in: 2

001 - NUMERO DE CONTROL

  • campo de control: 47393

003 - IDENTIFICADOR DE NUMERO DE CONTROL

  • campo de control: MX-MxUPN

005 - FECHA Y HORA DE LA ÜLTIMA TRANSACCIÓN

  • campo de control: 20221117131134.0

008 - DATOS DE LONGITUD FIJA

  • campo de control de longitud fija: 221117|| aca||aabn | aaa d

040 ## - FUENTE DE CATALOGACIÓN

  • Agencia original de catalogación: MX-MxUPN
  • Lenguaje de catalogación: spa
  • Agencia de transcripción: MX-MxUPN

100 1# - ENCABEZAMIENTO - NOMBRE PERSONAL

  • Nombre personal: Carrillo Basilio, Balbino

670 ## - FUENTE EN LA QUE SE LOCALIZARON DATOS

  • Cita de la fuente: Nu xoru jñatrjo = Mi libro mazahua-primer grado : Estado de México, 1983:
  • Información localizada: portada (Balbino Carrillo Basilio)

902 ## - CATALOGADOR

  • Catalogador: Víctor Ruiz/171122